[Event "Sao Bento do Sul U2050 Etapa 3a"]
[Site "Sao Bento do Sul"]
[Date "2017.11.18"]
[Round "3.2"]
[White "Arndt, Claudio Felipe"]
[Black "De Oliveira, Gustavo Alfredo Bue"]
[Result "0-1"]
[WhiteElo "1812"]
[BlackElo "1924"]
[PlyCount "62"]
[EventDate "2017.11.17"]
[EventType "swiss"]
[EventRounds "6"]
[EventCountry "BRA"]
[SourceTitle "EXT 2022"]
[Source "ChessBase"]
[SourceDate "2021.10.06"]
[SourceVersion "1"]
[SourceVersionDate "2021.10.06"]
[SourceQuality "1"]

1. e4 c5 2. Nf3 e6 3. d3 Nc6 4. g3 g6 5. Bg2 Bg7 6. 0-0 Nge7 7. c3 d5 8. Qe2 0-0 9. Nbd2 b5 10. e5 a5 11. d4 cxd4 12. cxd4 Qb6 13. Nb3 a4 14. Nc5 Nxd4 15. Nxd4 Qxc5 16. Be3 Qc7 17. f4 Ba6 18. Rfc1 Qb7 19. Qd2 b4 20. b3 a3 21. Nc2 f6 22. Bc5 fxe5 23. Qe1 e4 24. Rab1 Bc3 25. Qf2 Bd3 26. Bf1 Bxf1 27. Qxf1 Rac8 28. Bd4 e5 29. Bxc3 Rxc3 30. Qh3 Qb6+ 31. Kh1 exf4 0-1

[Event "Joinville op U220"]
[Site "Joinville"]
[Date "2017.02.18"]
[Round "3"]
[White "Arndt, Claudio Felipe"]
[Black "Melo, Maicon Joao"]
[Result "0-1"]
[WhiteElo "1826"]
[BlackElo "2025"]
[PlyCount "82"]
[EventDate "2017.02.17"]
[EventType "swiss"]
[EventRounds "7"]
[EventCountry "BRA"]
[SourceTitle "CBM 177 Extra"]
[Source "ChessBase"]
[SourceDate "2017.04.27"]
[SourceVersion "1"]
[SourceVersionDate "2017.04.27"]
[SourceQuality "1"]

1. d4 d5 2. Bf4 Nf6 3. e3 c5 4. c3 Qb6 5. Qb3 c4 6. Qxb6 axb6 7. Nf3 Nc6 8. Nbd2 b5 9. Be2 b4 10. 0-0 h6 11. h3 Bf5 12. Ne5 Nxe5 13. Bxe5 bxc3 14. bxc3 Nd7 15. Bg3 b5 16. f3 Nf6 17. Be5 e6 18. Bxf6 gxf6 19. e4 Bg6 20. exd5 exd5 21. f4 Bf5 22. g4 Bd7 23. Bf3 Bc6 24. Rfe1+ Kd7 25. Kg2 Bd6 26. Kg3 Ra3 27. Rec1 Re8 28. Nb1 Ra7 29. Rc2 h5 30. gxh5 f5 31. Bg2 Rh8 32. Nd2 Rxh5 33. Nf3 f6 34. h4 Kd8 35. Re1 Rg7+ 36. Kf2 Bd7 37. Kf1 Bxf4 38. Ng1 Bg3 39. Re3 f4 40. Ree2 Bxh4 41. Nh3 f3 0-1

[Event "Joinville op U220"]
[Site "Joinville"]
[Date "2017.02.18"]
[Round "4"]
[White "Kim, Thiago"]
[Black "Arndt, Claudio Felipe"]
[Result "0-1"]
[WhiteElo "1378"]
[BlackElo "1826"]
[PlyCount "90"]
[EventDate "2017.02.17"]
[EventType "swiss"]
[EventRounds "7"]
[EventCountry "BRA"]
[SourceTitle "CBM 177 Extra"]
[Source "ChessBase"]
[SourceDate "2017.04.27"]
[SourceVersion "1"]
[SourceVersionDate "2017.04.27"]
[SourceQuality "1"]

1. e4 c6 2. Nc3 d5 3. Nf3 Bg4 4. h3 Bxf3 5. Qxf3 e6 6. Qd1 d4 7. Ne2 e5 8. d3 Bd6 9. f4 exf4 10. Bxf4 Bxf4 11. g3 Be5 12. Qd2 Nd7 13. 0-0-0 Qb6 14. Bg2 Ngf6 15. Rdf1 0-0-0 16. h4 h5 17. Bh3 Kb8 18. Qg5 Qa5 19. a3 g6 20. Nxd4 Nh7 21. Qe3 Bxd4 22. Qxd4 Qe5 23. Qe3 Ndf6 24. Rhg1 g5 25. Bf5 gxh4 26. gxh4 Ne8 27. Qe2 Nhf6 28. Rg5 Qd4 29. Qh2+ Ka8 30. Qd2 c5 31. Qa5 Nd6 32. Re1 b6 33. Qd2 Nc4 34. Qc3 Qxc3 35. bxc3 Nxa3 36. c4 b5 37. cxb5 Nxb5 38. Rg7 Rhf8 39. e5 Rde8 40. Rxf7 Rxf7 41. Bg6 Rfe7 42. Bxe8 Rxe8 43. Kd2 Ng4 44. e6 Nd4 45. e7 Nf3+ 0-1

[Event "Joinville op U220"]
[Site "Joinville"]
[Date "2017.02.17"]
[Round "2"]
[White "Espindola, Carlos Marcelo"]
[Black "Arndt, Claudio Felipe"]
[Result "0-1"]
[WhiteElo "1309"]
[BlackElo "1826"]
[PlyCount "34"]
[EventDate "2017.02.17"]
[EventType "swiss"]
[EventRounds "7"]
[EventCountry "BRA"]
[SourceTitle "CBM 177 Extra"]
[Source "ChessBase"]
[SourceDate "2017.04.27"]
[SourceVersion "1"]
[SourceVersionDate "2017.04.27"]
[SourceQuality "1"]

1. d4 d5 2. Nf3 Nf6 3. Bf4 Bf5 4. e3 e6 5. h3 Bd6 6. Bd3 Ne4 7. 0-0 Bxf4 8. exf4 Qd6 9. Ne5 f6 10. f3 Ng3 11. Re1 fxe5 12. Bxf5 Nxf5 13. fxe5 Qb6 14. c3 0-0 15. Qc2 c5 16. Nd2 cxd4 17. cxd4 Nxd4 0-1